00390nam a2200133 a 450000500170000000800410001705000130005824500600007126000440013130000190017544000210019465000210021565000200023620140412111337.0031007s19uu xx 00 eng d aERbLi72 aLittle red riding hood /cillustrated by Atsuko Kubota. aTokyo :bFroebel-kan Co., Lt.d,c[n.d.] a10 board pages aSunny Day Series aChildren stories aWolves--Fiction